| 000 | 01203nam0a22002771 4500 | ||
|---|---|---|---|
| 001 | v19\rc\1628365 | ||
| 005 | 20260407121947.0 | ||
| 035 | _a(NLR Aleph) 005239777 | ||
| 090 |
_a5692130 _c5692130 |
||
| 100 | _a20061002d1899 |||y0rusy50 ca | ||
| 101 | 0 | _arus | |
| 102 | _aRU | ||
| 105 | _aa z ||||| | ||
| 200 | 1 |
_aНаставление для производства зимних занятий в поле _eпроект |
|
| 210 |
_aС.-Петербург _cВоенная типография _d1899 |
||
| 215 |
_a[3], 28 с., [8] л. черт. _d15 |
||
| 316 |
_aЭкз. РНБ на шифре 20.59.4.279 с экслибрисом Библиотеки Николая II: монограмма "Н. А." _5NLR: 20.59.4.279 |
||
| 702 | 0 |
_4390 _8rus _7ca _aНиколай _cимператор российский _dII _f1868-1918 _3RU\NLR\AUTH\773750 _9113742 |
|
| 740 | 1 |
_aРоссия _tВоенные уставы и наставления _3RU\NLR\AUTH\889957977 _9412039 |
|
| 801 | 0 |
_aRU _bNLR _c20061002 _gpsbo |
|
| 801 | 0 |
_aRU _bRuMoRGB _c20061002 _2psbo |
|
| 801 | 1 |
_aRU _bProSoft-M _c20061002 _2rusmarc |
|
| 801 | 2 |
_aRU _bNLR _c20091005 _2rusmarc |
|
| 852 |
_aNLR _j20.59.4.279 |
||
| 942 | _cBOOK | ||
| 980 | _aNB | ||